200-300 Digits of Pi - Statistics

General Stats
  • This quiz has been taken 1,876 times
  • The average score is 55 of 100
Answer Stats
% Correct
6
99%
4
93%
4
91%
2
90%
8
87%
8
85%
1
82%
0
79%
7
78%
9
78%
5
77%
6
74%
5
73%
6
73%
3
72%
9
72%
3
71%
4
71%
4
71%
6
71%
1
69%
2
69%
8
68%
4
67%
5
66%
7
66%
6
65%
2
64%
3
64%
4
64%
8
64%
3
62%
7
62%
8
62%
6
61%
7
61%
8
60%
1
59%
3
59%
5
58%
6
58%
2
57%
7
57%
0
56%
1
56%
1
56%
2
56%
0
55%
9
55%
9
54%
1
53%
4
51%
5
51%
4
50%
6
50%
8
50%
5
49%
6
49%
6
48%
9
48%
2
46%
3
45%
6
45%
0
44%
3
44%
4
44%
8
43%
1
42%
4
42%
6
42%
0
40%
4
40%
5
40%
2
39%
3
39%
4
39%
6
39%
2
38%
6
38%
8
38%
0
37%
1
37%
3
37%
3
37%
4
37%
6
37%
7
37%
9
37%
0
36%
2
36%
2
36%
3
36%
6
36%
1
34%
4
34%
9
34%
1
33%
2
33%
4
33%
7
33%
No matching quizzes found
Score Distribution
Percent of People with Each Score
Percentile by Number Answered
Your Score History
You have not taken this quiz